|
|
|
|
| LEADER |
00000nab a2200000uu 4500 |
| 001 |
vtls011445333 |
| 003 |
SK-MaSNL |
| 005 |
20260303164648.0 |
| 008 |
230313|1971 xo |||||||||||||||||slo| |
| 015 |
|
|
|a SNBRB
|
| 035 |
|
|
|a (urnnbn)urn:nbn:sk:snk:ar-003wzh
|
| 035 |
|
|
|a (uuid)da1c2612-6645-4041-ae0c-141a3ec24bda
|
| 035 |
|
|
|a urn:nbn:sk:snk-abcios
|
| 040 |
|
|
|a SNKBUCL
|b slo
|c SNKBUCL
|e AACR2
|
| 041 |
0 |
|
|a slo
|
| 044 |
|
|
|a xo
|c SK
|
| 100 |
1 |
|
|a Selimović, Meša
|4 aut
|9 635459
|
| 245 |
1 |
0 |
|a Detské píšťaly
|c Meša Selimović, Fero Lipka
|
| 700 |
1 |
|
|a Lipka, Fero
|4 trl
|9 1190193
|
| 773 |
0 |
|
|t Revue svetovej literatúry
|g Roč. 7, č. 3 (1971), s. 124-131
|
| 958 |
|
|
|a OND
|
| 958 |
|
|
|a EUIPO
|
| 958 |
|
|
|a article16
|
| 999 |
|
|
|c 2066913
|d 2068843
|